Countries Lucas has been to (Picture) - Statistics

General Stats
  • This quiz has been taken 12 times
    2 since last reset
  • The average score is 5 of 12
Answer Stats
Picture Answer % Correct
France
100%
China
50%
Ireland
50%
Italy
50%
Japan
50%
Mexíco
50%
Singapore
50%
U.S.A/Puerto Rico
50%
Vietnam
50%
Bahamas
0%
Hong Kong
0%
Spain
0%
No matching quizzes found
Score Distribution
Percent of People with Each Score
Percentile by Number Answered
Your Score History
You have not taken this quiz since the last reset